Climates and weather explained (Record no. 71597)
[ view plain ]
| 000 -LEADER | |
|---|---|
| fixed length control field | 01357nam a2200349Ia 4500 |
| 100 1# - MAIN ENTRY--AUTHOR NAME | |
| Personal name | Linacre, Edward, |
| 245 10 - TITLE STATEMENT | |
| Title | Climates and weather explained |
| 260 ## - PUBLICATION, DISTRIBUTION, ETC. (IMPRINT) | |
| Place of publication | London ; |
| -- | New York : |
| Name of publisher | Routledge, |
| Year of publication | 1997. |
| 300 ## - PHYSICAL DESCRIPTION | |
| Number of Pages | x, 432 p. : |
| Other physical details | ill., maps. |
| 650 #0 - SUBJECT ADDED ENTRY--TOPICAL TERM | |
| Topical Term | Atmospheric physics. |
| Topical Term | Climatology. |
| Topical Term | Meteorology. |
| 700 1# - ADDED ENTRY--PERSONAL NAME | |
| Personal name | Geerts, Bart, |
| 856 40 - ELECTRONIC LOCATION AND ACCESS | |
| Uniform Resource Identifier | http://site.ebrary.com/lib/rucke/Doc?id=10057321 |
No items available.
